LEADER 01119nam0 22002651i 450 001 RML0233911 005 20231121125700.0 100 $a20121121d1991 ||||0itac50 ba 101 | $aita 102 $ait 181 1$6z01$ai $bxxxe 182 1$6z01$an 200 1 $aDiritto internazionale dell'economia$eRaccolta sistematica dei principali atti normativi internazionali ed interni con testi introduttivi e note$fPaolo Picone, Giorgio Sacerdoti$gcon la collaborazione di Manlio Frigo e Emanuele Agnoletto 205 $a3a edizione 210 $aMilano $cFrancoAngeli $d1991 215 $a1156 p.$d22 cm. 700 1$aPicone$b, Paolo$3RMLV148760$0132950 801 3$aIT$bIT-01$c20121121 850 $aIT-FR0098 899 $aBiblioteca Area Giuridico Economica$bFR0098 912 $aRML0233911 950 0$aBiblioteca Area Giuridico Economica$d 53IMP 341/17$e 53VM 0000022075 VM barcode:ECO005274. - Inventario:1118. - Fondo:Sala consultazioneVM$fA $h19941006$i20121204 977 $a 53 996 $aDiritto Internazionale dell'economia$91731828 997 $aUNICAS LEADER 02711nam 2200625Ia 450 001 9910780597703321 005 20230607214344.0 010 $a92-9173-646-5 010 $a0-585-46827-3 035 $a(CKB)111087028332600 035 $a(EBL)284742 035 $a(OCoLC)437176312 035 $a(SSID)ssj0000172472 035 $a(PQKBManifestationID)11152324 035 $a(PQKBTitleCode)TC0000172472 035 $a(PQKBWorkID)10151440 035 $a(PQKB)11149355 035 $a(MiAaPQ)EBC284742 035 $a(Au-PeEL)EBL284742 035 $a(CaPaEBR)ebr10062359 035 $a(EXLCZ)99111087028332600 100 $a20040923d2002 my 0 101 0 $aeng 135 $aur|n|---||||| 181 $ctxt 182 $cc 183 $acr 200 00$aHIV/AIDS counselling, just a phone call away$b[electronic resource] $efour case studies of telephone hotline/helpline projects 210 $aGeneva $cUNAIDS$dc2002 215 $a1 online resource (81 p.) 225 1 $aUNAIDS case study 225 1 $aUNAIDS best practice collection 300 $aDescription based upon print version of record. 311 $a92-9173-202-8 320 $aIncludes bibliographical references. 327 $aTable of contents; Acronyms; Introduction; The South African AIDS Helpline; The National AIDS Hotline of Trinidad and Tobago; The Remedios AIDS Foundation Hotline; TARSHI: Talking about Reproductive and Sexual Health Issues; Conclusion 330 $aAround the world, telephone helplines have proved to be an accessible, affordable and acceptable source of HIV/AIDS information, counselling and referrals for callers from all walks of life. First initiated in high-income countries, helplines have expanded into many low- and middle-income countries, particularly as the latter improve their telecommunications infrastructure and identify HIV/AIDS as a pressing social concern. This Best Practice Case Study offers an opportunity to learn from the experiences of well-established helplines in India, the Philippines, South Africa, and Trinidad and To 410 0$aUNAIDS case study. 410 0$aUNAIDS best practice collection. 606 $aHIV-positive persons$xCounseling of 606 $aHotlines (Counseling) 615 0$aHIV-positive persons$xCounseling of. 615 0$aHotlines (Counseling) 676 $a362.1/969792 676 $a616.97920019 700 $aOberzaucher$b Nicola$01514886 701 $aBaggaley$b Rachel$01514887 712 02$aJoint United Nations Programme on HIV/AIDS. 801 0$bMiAaPQ 801 1$bMiAaPQ 801 2$bMiAaPQ 906 $aBOOK 912 $a9910780597703321 996 $aHIV$93750346 997 $aUNINA